Uber den Humanismus

Αποθηκεύτηκε σε:
Λεπτομέρειες βιβλιογραφικής εγγραφής
Κύριος συγγραφέας: Heidegger, Martin, 1889-1976
Μορφή: Βιβλίο
Γλώσσα:German
Δημοσίευση: Frankfurt am Main : Vittorio Klostermann, [1946]
Θέματα:
Ετικέτες: Προσθήκη ετικέτας
Δεν υπάρχουν, Καταχωρήστε ετικέτα πρώτοι!

MARC

LEADER 00000cam a2200000 i 4500
001 1/40754
008 070207s1946 ger d
035 |l 10086910 
040 |a GR-MY-UA  |b gre  |e aacr 
041 0 |a ger 
082 0 |a 211.6  |2 (22) 
100 1 |a Heidegger, Martin,   |d 1889-1976. 
245 1 0 |a Uber den Humanismus /  |c Martin Heidegger 
260 |a Frankfurt am Main :   |b Vittorio Klostermann,   |c [1946] 
300 |a 47 σ.;  |c 21 εκ. 
500 |a Με: Vom Wesen der Wahrheit / Martin Heidegger. - Kants These Uber das Sein / Martin Heidegger. - Das problem der absoluten Reflexion / Walter Schulz. - Zur Seinsfrage / Martin Heidegger. - Index zu Heideggers "Sein und Zeit" / zusammengestellt von Hildegard Feick 
600 1 0 |a Heidegger, Martin,   |d 1889-1976. 
650 0 0 |a Humanism  |z Germany  |x History  |y 19th century. 
852 |a INST  |b RHODES  |c KRI  |e 20070207  |h  211.6 HEI  |p 005400020783  |q 005400020783  |t BK  |y 0 
901 |a BIBL4-2007-1 
909 |a Ρ  |b 123610 
970 |a ΚΟΖΑ  |b ΜΑΡΙΑ  |z 2007/02/07